00858nam a2200169Ia 4500008004100000082001500041100001800056245006600074260002900140300000800169650002400177942001200201999001500213952015000228952016100378952014900539191201s2018 xx 000 0 und d a615.19 PAP aPARLE, Amrita 0aPharmaceutical chemistry- II Laboratory manual for final year bCBS PubaNew delhic2018 a229 aMedicinal Chemistry 2ddccBK c8227d8227 00102ddc40708DPaPIETbPIETd2019-03-25eKirti Prakashang395.00kIN 3049l0o615.19 PAPpDP124r2019-12-04 00:00:00v254.77w2019-03-08yREF 00102ddc40708DPaPIETbPIETd2019-03-25eKirti Prakashang395.00kIN 3049l2o615.19 PAPpDP125r2021-12-29 00:00:00s2021-06-01v254.77w2019-03-08yBK 00102ddc40708DPaPIETbPIETd2019-03-25eKirti Prakashang395.00kIN 3049l0o615.19 PAPpDP126r2019-12-04 00:00:00v254.77w2019-03-08yBK